00586nam a22001817a 45000050016000000100015000160200026000310350013000570370013000700820011000831000035000942450069001292600044001982700055002423000028002976500054003256500025003792010082300280.0 aENG-101351 a9789380335377c100.00 aEN-84884 bDBAD/PUB a230.41 aRajagopalachari, Parthasarathi aThe principles of sahaj marg /cby Parthasarathi Rajagopalachari aChennaibShri Ram Chandra Missionc2010 aNorth Block,2/3 Judges Court RoadbKolkatae700027 av.1 (176p.)c21cm (pbk) aShri Ram Chandra Mission (Shahjiahan Pur,)zIndia aTheeology, Doctrinal